Vista normal
Vista MARC
Entrada Topical Term
Número de registros utilizados en: 3
001 - CONTROL NUMBER
- control field: 2594
003 - CONTROL NUMBER IDENTIFIER
- control field: OSt
005 - DATE AND TIME OF LATEST TRANSACTION
- control field: 20230615200405.0
008 - FIXED-LENGTH DATA ELEMENTS
- fixed length control field: 230615|| aca||aabn | a|a d
040 ## - CATALOGING SOURCE
- Original cataloging agency: OSt
- Transcribing agency: OSt
150 ## - HEADING--TOPICAL TERM
- Topical term or geographic name entry element: Animales
- Form subdivision: Cuento
670 ## - SOURCE DATA FOUND
- Source citation: Work cat.: (OSt)0: Walsh, María Elena, 1930- autora 2591, Cuentopos de Gulubú